书目信息 |
| 题名: |
欧阳询行书临习技法精解
|
|
| 作者: | 马阿米娜 编著 | |
| 分册: | ||
| 出版信息: | 郑州 中州古籍出版社 2020.6 |
|
| 页数: | 77页 | |
| 开本: | 34cm | |
| 丛书名: | 历代名家碑帖临习技法精解 | |
| 单 册: | ||
| 中图分类: | J292.112.4 , J292.11 | |
| 科图分类: | ||
| 主题词: | 行书--书法--中国--唐代 | |
| 电子资源: | ||
| ISBN: | 978-7-5348-5901-4 | |
| 000 | 00980nam 2200277 45 | |
| 001 | 012001000914 | |
| 005 | 20130910091145.0 | |
| 010 | @a978-7-5348-5901-4@dCNY30.00 | |
| 099 | @aCAL 012017167706 | |
| 100 | @a20160824d2016 em y0chiy0110 ea | |
| 101 | 0 | @achi |
| 102 | @aCN@b410000 | |
| 105 | @ay z 000yy | |
| 106 | @ar | |
| 200 | 1 | @a欧阳询行书临习技法精解@Aou yang xun xing shu lin xi ji fa jing jie@f马阿米娜编著 |
| 210 | @a郑州@c中州古籍出版社@d2020.6 | |
| 215 | @a77页@d34cm | |
| 225 | 2 | @a历代名家碑帖临习技法精解@ALi Dai Ming Jia Bei Tie Lin Xi Ji Fa Jing Jie |
| 330 | @a本书以欧阳询的《行书千字文》《张翰帖》为范本,给初学者以技法指导,重点在于对所选的每个字的用笔、结构、用墨等方面的技法进行分析。 | |
| 461 | 0 | @12001 @a历代名家碑帖临习技法精解 |
| 606 | 0 | @a行书@x书法@y中国@z唐代 |
| 690 | @aJ292.112.4@v5 | |
| 690 | @aJ292.11@v5 | |
| 701 | 0 | @a马阿米娜@Ama a mi na@4编著 |
| 801 | @aCN@b江苏凤凰@c20211018 | |
| 905 | @b1341507-10@dJ292.112.4@e686@f4 | |
| 欧阳询行书临习技法精解/马阿米娜编著.-郑州:中州古籍出版社,2020.6 |
| 77页;34cm.-(历代名家碑帖临习技法精解) |
| ISBN 978-7-5348-5901-4:CNY30.00 |
| 本书以欧阳询的《行书千字文》《张翰帖》为范本,给初学者以技法指导,重点在于对所选的每个字的用笔、结构、用墨等方面的技法进行分析。 |
| ● |
| 相关链接 |
|
|
|
|
正题名:欧阳询行书临习技法精解
索取号:J292.112.4/686
 
预约/预借
| 序号 | 登录号 | 条形码 | 馆藏地/架位号 | 状态 | 备注 |
| 1 | 1341507 | 213415071 | 第一样本阅览室/ [索取号:J292.112.4/686] | 在馆 | |
| 2 | 1341508 | 213415080 | 第一借阅区/ [索取号:J292.112.4/686] | 在馆 | |
| 3 | 1341509 | 213415099 | 第一借阅区/ [索取号:J292.112.4/686] | 在馆 | |
| 4 | 1341510 | 213415106 | 第一借阅区/ [索取号:J292.112.4/686] | 在馆 |